000 00854nas a2200277 4500
001 BR7310995
003 BR-BrBNA
005 20231205082714.0
007 ta
008 230509b bl.|||p| |||| 00| 00por d
040 _aBR-BrBNA
_bpor
_cBiblioteca Nacional de Agricultura
041 _a(Pt)
072 _aK20
100 1 _aSilva, S.M.F. da
100 1 _aSousa, A.F. de
100 1 _aCollom, J.L.
100 1 _aSouza, J.A. de
100 1 _aPaniago, E.
245 1 _aIncentivos fiscais e sua utilizacao no reflorestamento, Zona da Mata de Minas Gerais, 1972 [Brasil]
_bParte de tese
650 _aADMINISTRACAO FLORESTAL
650 _aZONA DA MATA
650 _aMINAS GERAIS
773 0 _tExperientiae (Brazil)
_xISSN 0014-4762
_g(Mar 1973), v. 15(6) p. 149-181
_wBR7310995
909 _a202311
_bLúcia
_c55
_dLúcia Elande
942 _2AGRIS
_n0
_cANA
999 _c93749
_d93749